Statistics for 1980s Movie Trivia #1

Click here to take the quiz!

General Stats

  • This quiz has been taken 26,027 times
  • The average score is 12 of 20

Answer Stats

QuestionAnswer% Correct
Who haunted the children of Elm Street?Freddy Krueger
90%
What disorder did Dustin Hoffman's character have in the movie "Rain Man"?Autism
82%
What movie featured the song "(I've Had) The Time of My Life"?Dirty Dancing
81%
What slimy substance did the ghosts in "Ghostbusters" leave a trail of?{Ecto}plasm
74%
What movie featured a cute Mogwai named Gizmo?Gremlins
73%
What species lived on the forest moon of Endor?Ewoks
72%
What was the name of the first Rambo movie?First Blood
72%
What part of the Delorean time machine made time travel possible?{Flux} Capacitor
69%
Who starred opposite Meg Ryan in the movie "When Harry Met Sally"?Billy Crystal
61%
Who was Sean Penn married to?Madonna
61%
What "pack" of actors included Molly Ringwald, Ally Sheedy, and Rob Lowe?The Brat Pack
61%
What type of candy was blatantly advertised in "E.T."?Reeses Pieces
56%
In the movie "Wall Street", what did Gordon Gekko say was good?Greed
55%
In what country was "My Neighbor Totoro" made?Japan
53%
Who was the villain in "Star Trek II"?Khan
53%
Who starred as Euroterrorist Hans Gruber in the movie "Die Hard"Alan Rickman
49%
What comedy franchise starred Steve Guttenburg and Bubba Smith?Police Academy
46%
Besides Arnold Schwarzenegger, which future governor starred in "Predator"?Jesse Ventura
37%
What fictional band sang a song about Stonehenge?Spinal Tap
37%
What actor said "Bueller" in a monotonous voice?Ben Stein
28%

Score Distribution

Percentile by Number Answered

Percent of People with Each Score

Your Score History

You have not taken this quiz